แสดงรายละเอียดบรรณานุกรม
  กลับหน้าหลัก

Brief Record : Get Marc (ISO 2709) : E-mail record : QR code ปิดหน้าต่าง
E-books : เกี่ยวกับ Collections
LEADER 00000nam 2200000uu 4500
008    140519s2012||||th 000 0 eng d
020    ^a9780071779708
041 0  ^aeng
060 04 ^aWS141 C976 2012
245 00 ^aCurrent diagnosis & treatment in pediatrics /^cedited byWilliam Hay ... [et al.]
250    ^a21st ed.
260    ^aNew York :^bMcGraw-Hill Medical,^c2012
300    ^axxx, 1452 p. :^bill. ;^c23 cm.
504    ^aIncludes bibliographical references and index
650  0 ^aPediatrics^vHandbooks, manuals, etc
650  0 ^aChildren^xDiseases^xTreatment^vHandbooks, manuals, etc
650  0 ^aChildren^xDiseases^xDiagnosis^vHandbooks, manuals, etc
650  2 ^aPediatrics
650  2 ^aDiagnosis
650  2 ^aTherapeutics.
700 1  ^aHay, William W.
999    ^aใช้งานได้ทุกระบบ
รายการนี้ยังไม่มีแท็ก
คุณยังไม่ได้ล็อกอิน คุณสามารถมีกิจกรรมร่วมกับเว็บไซต์ได้ แต่ต้องล็อกอินก่อน ::
  ล็อกอิน
ลำดับที่ ประเภท เลขเรียก สถานที่ สถานะ
1. หนังสือทั่วไป
หนังสือทั่วไป
WS141 C976 2012  
  
การพยาบาลมารดาทารก On Shelf
  ขอยืม
Note:ปีงบประมาณ 2557
   [แสดง 1/1 รายการ]

รายการใกล้เคียง
    หัวเรื่อง [Pediatrics]
    หัวเรื่อง [Diagnosis]

BibComment


ยังไม่เคยถูกคอมเมนท์

คอมเมนท์ทรัพยากรรายการนี้
  คอมเมนท์: Current diagnosi..
Bib 209877

 
 
 

 Union Library Management : ULibM
Copyright 2026. All Rights Reserved.
скачать бесплатно без регистрации порно красивый секс HD Sex Hindi sex

xxx gou

xxxx

bfxxx

xxxwww

Секса Видео

xxxx

Секса Видео

detube

geilexxx

C99 Shell

worms shell

blod xxx video
Ebony Coed Rihanna Rimes Takes A Dick In Her Young Twat priyaa indian fuck anal and pusssy hardcore indian women xxx desi hardcore fucking part 1 bengalixxxcouple